al-Subhi Safir fi Tahqiq Solat al-Musafir (Record no. 108904)
[ view plain ]
| 000 -LEADER | |
|---|---|
| fixed length control field | 00683nam a2200229 i 4500 |
| 001 - CONTROL NUMBER | |
| control field | C2-0305919 |
| 003 - CONTROL NUMBER IDENTIFIER | |
| control field | PPAK |
| 005 - DATE AND TIME OF LATEST TRANSACTION | |
| control field | 20180728091338.0 |
| 008 - FIXED-LENGTH DATA ELEMENTS--GENERAL INFORMATION | |
| fixed length control field | 100906s xx |||| ||||| | ara d |
| 040 ## - CATALOGING SOURCE | |
| Original cataloging agency | PPAK |
| Language of cataloging | eng |
| Transcribing agency | PPAK |
| Description conventions | rda |
| 082 04 - DEWEY DECIMAL CLASSIFICATION NUMBER | |
| Classification number | 297.52 |
| Edition number | 23 |
| 090 00 - LOCALLY ASSIGNED LC-TYPE CALL NUMBER (OCLC); LOCAL CALL NUMBER (RLIN) | |
| Classification number (OCLC) (R) ; Classification number, CALL (RLIN) (NR) | 297.52 |
| Feature heading | ABD |
| Feature heading | KMN |
| 100 0# - MAIN ENTRY--PERSONAL NAME | |
| Personal name | Abdullah bin Muhammad al-Siddiq al-Husni, |
| Relator term | author |
| 245 10 - TITLE STATEMENT | |
| Title | al-Subhi Safir fi Tahqiq Solat al-Musafir |
| Remainder of title | Musafir subuh dalam perlaksanaan Solat Musafir |
| 300 ## - PHYSICAL DESCRIPTION | |
| Extent | 83 pages ; |
| Dimensions | 20 cm |
| 336 ## - CONTENT TYPE | |
| Source | rdacontent |
| Content type term | text |
| 337 ## - MEDIA TYPE | |
| Source | rdamedia |
| Media type term | unmediated |
| 338 ## - CARRIER TYPE | |
| Source | rdacarrier |
| Carrier type term | volume |
| 500 ## - GENERAL NOTE | |
| General note | Teks dalam bahasa Arab |
| 650 10 - SUBJECT ADDED ENTRY--TOPICAL TERM | |
| Topical term or geographic name entry element | Prayer (Islam). |
| 942 ## - ADDED ENTRY ELEMENTS (KOHA) | |
| -- | dc |
| Koha item type | Book |
No items available.